[Event "Titled Tuesday intern op 30th Apr Early"]
[Site "Chess.com INT"]
[Date "2024.04.30"]
[Round "4"]
[White "Mayaud, Raphael"]
[Black "Schutte, Wian"]
[Result "1-0"]
[WhiteElo "2175"]
[BlackElo "1745"]
[PlyCount "83"]
[EventDate "2024.04.30"]
[EventType "swiss (blitz)"]
[EventRounds "11"]
[EventCountry "USA"]
[SourceTitle "CB19_2024"]
[SourceDate "2024.05.08"]
[SourceVersion "1"]
[SourceVersionDate "2024.05.08"]
[SourceQuality "1"]

1. d4 c6 2. Nf3 d5 3. c4 Bf5 4. Qb3 Qc7 5. Nc3 dxc4 6. Qxc4 Nf6 7. g3 e6 8. Bg2 Nbd7 9. 0-0 Be7 10. Bf4 Bd6 11. Bd2 Be7 12. Rac1 0-0 13. Bf4 Bd6 14. Nb5 cxb5 15. Qxc7 Bxc7 16. Rxc7 Be4 17. Rfc1 Nb6 18. Ne5 Bxg2 19. Kxg2 Nbd5 20. Rxb7 Nxf4+ 21. gxf4 Rad8 22. e3 a6 23. Rc6 Nd5 24. Rxa6 Ra8 25. Rxa8 Rxa8 26. Rxb5 f6 27. Nd3 Rxa2 28. Rb7 h6 29. Nc5 e5 30. fxe5 fxe5 31. dxe5 Ra5 32. Ne6 g5 33. Nd4 Ra6 34. e6 Nf6 35. e7 Ra8 36. Nf5 h5 37. Nd6 Ne8 38. Nxe8 Rxe8 39. Kf3 Kf7 40. Ke4 Rxe7+ 41. Rxe7+ Kxe7 42. Kf5 1-0

[Event "Titled Tuesday intern op 06th Feb Early"]
[Site "Chess.com INT"]
[Date "2024.02.06"]
[Round "11"]
[White "Schutte, Wian"]
[Black "Castellanos Hernandez, Emilio Agustin"]
[Result "1/2-1/2"]
[WhiteElo "1572"]
[BlackElo "1970"]
[PlyCount "78"]
[EventDate "2024.02.06"]
[EventType "swiss (blitz)"]
[EventRounds "11"]
[EventCountry "USA"]
[SourceTitle "CB07_2024"]
[SourceDate "2024.02.14"]
[SourceVersion "1"]
[SourceVersionDate "2024.02.14"]
[SourceQuality "1"]

1. e4 c5 2. Nf3 d6 3. Bc4 Nf6 4. d3 Nc6 5. 0-0 g6 6. h3 Bg7 7. Re1 0-0 8. c3 a6 9. Bg5 b5 10. Bxf6 Bxf6 11. Bd5 Bb7 12. Nbd2 e6 13. Bxc6 Bxc6 14. Nf1 a5 15. Ng3 a4 16. Qc2 b4 17. cxb4 a3 18. bxc5 axb2 19. Rab1 Rxa2 20. cxd6 Qb6 21. e5 Bg7 22. Ne2 Bxf3 23. gxf3 Bxe5 24. Nc3 Bxc3 25. Qxc3 Qxd6 26. Re2 Rb8 27. Rbxb2 Raxb2 28. Rxb2 Rxb2 29. Qxb2 Qxd3 30. Qb8+ Kg7 31. Qe5+ Kh6 32. Qf4+ g5 33. Qxf7 Qf5 34. Qxf5 exf5 35. Kg2 Kg6 36. Kg3 Kf6 37. f4 h6 38. fxg5+ hxg5 39. f4 Kg6 1/2-1/2

[Event "Titled Tuesday intern op 06th Feb Early"]
[Site "Chess.com INT"]
[Date "2024.02.06"]
[Round "9"]
[White "Schutte, Wian"]
[Black "Dilmukhametov, Artur"]
[Result "1-0"]
[WhiteElo "1572"]
[BlackElo "2276"]
[PlyCount "153"]
[EventDate "2024.02.06"]
[EventType "swiss (blitz)"]
[EventRounds "11"]
[EventCountry "USA"]
[SourceTitle "CB07_2024"]
[SourceDate "2024.02.14"]
[SourceVersion "1"]
[SourceVersionDate "2024.02.14"]
[SourceQuality "1"]

1. e4 e6 2. Nf3 d5 3. exd5 exd5 4. d4 Nf6 5. Bd3 Bd6 6. 0-0 0-0 7. h3 h6 8. Re1 Re8 9. Nc3 c6 10. Be3 Nbd7 11. Qd2 Nf8 12. Bf4 Ne6 13. Bxd6 Qxd6 14. Bf5 Bd7 15. Ne5 Re7 16. Re2 Rae8 17. Rae1 Bc8 18. Kh1 Qb4 19. Bxe6 Rxe6 20. a4 Qb6 21. b3 Nd7 22. Nxd7 Bxd7 23. Rxe6 Rxe6 24. Rxe6 Bxe6 25. Ne2 Qa6 26. Ng3 b5 27. axb5 Qxb5 28. Qe3 a5 29. Ne2 Qb4 30. Nf4 Qe7 31. Nxe6 Qxe6 32. Qxe6 fxe6 33. g3 Kf7 34. Kg2 Kf6 35. Kf3 g5 36. Ke3 Kf5 37. f3 e5 38. c3 Ke6 39. g4 Kd6 40. Kd3 c5 41. Ke3 c4 42. bxc4 a4 43. c5+ Kc6 44. dxe5 a3 45. e6 a2 46. e7 a1Q 47. Ke2 Kxc5 48. e8Q Qxc3 49. Qc8+ Kd4 50. Qh8+ Kc4 51. Qc8+ Kb3 52. Qb7+ Kc2 53. Qxd5 Qf6 54. Qd1+ Kc3 55. Qd3+ Kb4 56. Qe4+ Kc5 57. Ke3 Qc3+ 58. Qd3 Qxd3+ 59. Kxd3 Kd5 60. Ke3 Ke5 61. h4 gxh4 62. f4+ Kf6 63. Kf3 h3 64. Kg3 Kg6 65. Kxh3 h5 66. Kh4 hxg4 67. Kxg4 Kf6 68. f5 Kg7 69. Kg5 Kf7 70. Kf4 Kf6 71. Ke4 Kf7 72. Ke5 Ke7 73. f6+ Kf7 74. Kf5 Kg8 75. Kg6 Kf8 76. f7 Ke7 77. Kg7 1-0

[Event "Titled Tuesday intern op 06th Feb Early"]
[Site "Chess.com INT"]
[Date "2024.02.06"]
[Round "10"]
[White "Vargas, Mauricio"]
[Black "Schutte, Wian"]
[Result "1-0"]
[WhiteElo "1957"]
[BlackElo "1572"]
[PlyCount "45"]
[EventDate "2024.02.06"]
[EventType "swiss (blitz)"]
[EventRounds "11"]
[EventCountry "USA"]
[SourceTitle "CB07_2024"]
[SourceDate "2024.02.14"]
[SourceVersion "1"]
[SourceVersionDate "2024.02.14"]
[SourceQuality "1"]

1. e4 c6 2. Nc3 d5 3. d3 dxe4 4. Nxe4 Nf6 5. Qe2 Nxe4 6. Qxe4 Nd7 7. Nf3 Nf6 8. Qe2 Bg4 9. h3 Bxf3 10. Qxf3 e6 11. Be2 Bd6 12. 0-0 Qc7 13. a3 0-0-0 14. Be3 Nd5 15. Bxa7 b6 16. c4 Nf6 17. d4 Qxa7 18. Qxc6+ Qc7 19. Qb5 Ne4 20. Bf3 Nd2 21. Bc6 Qb8 22. Rfc1 Bc7 23. Qa6+ 1-0

[Event "South African op"]
[Site "Durban"]
[Date "2017.07.15"]
[Round "3"]
[White "Schutte, Wian"]
[Black "Mosenya, Ndawana"]
[Result "0-1"]
[WhiteElo "1621"]
[BlackElo "2062"]
[PlyCount "34"]
[EventDate "2017.07.14"]
[EventType "swiss"]
[EventRounds "11"]
[EventCountry "RSA"]
[SourceTitle "EXT 2018"]
[Source "ChessBase"]
[SourceDate "2017.10.13"]
[SourceVersion "1"]
[SourceVersionDate "2017.10.13"]
[SourceQuality "1"]

1. e4 c5 2. Nf3 Nc6 3. Bc4 e6 4. 0-0 g5 5. h3 h5 6. d3 g4 7. hxg4 hxg4 8. Nh2 Bd6 9. g3 b5 10. Bb3 Bb7 11. c3 Qc7 12. Kg2 c4 13. dxc4 Ne5 14. Nxg4 Bxe4+ 15. f3 Nxg4 16. fxe4 Rh2+ 17. Kf3 Ne5+ 0-1

[Event "RSA-chT U14"]
[Site "Cape Town"]
[Date "2016.01.05"]
[Round "3.2"]
[White "Schutte, Wian"]
[Black "Van Wyngaard, Liam"]
[Result "0-1"]
[WhiteElo "1312"]
[BlackElo "1410"]
[PlyCount "38"]
[EventDate "2016.01.04"]
[EventType "team-tourn"]
[EventRounds "7"]
[EventCountry "RSA"]
[SourceTitle "CBM 170 Extra"]
[Source "ChessBase"]
[SourceDate "2016.02.25"]
[SourceVersion "1"]
[SourceVersionDate "2016.02.25"]
[SourceQuality "1"]
[WhiteTeam "Nelson Mandela Bay"]
[BlackTeam "Western Province"]
[WhiteTeamCountry "RSA"]
[BlackTeamCountry "RSA"]

1. e4 c5 2. Nf3 e6 3. c4 Nc6 4. d4 cxd4 5. Nxd4 Nf6 6. Nxc6 bxc6 7. e5 Qa5+ 8. Nc3 Qxe5+ 9. Be2 Be7 10. 0-0 0-0 11. Re1 Qc7 12. Be3 Qd8 13. Rc1 d5 14. Bf3 Ba6 15. Ne2 Bxc4 16. Rxc4 dxc4 17. Qa4 h6 18. Qxc4 Rc8 19. Nc3 Qa5 0-1